00429nmm a2200157Ia 4500008004100000020001800041041000800059100002200067245002000089264005500109300001800164650001400182856005100196942000700247999001700254251105s9999||||xx |||||||||||||||||und|| a9788416213887 aspa aFinnegan, William 0aAños salvajes a[Madrid, España] :bLibros del asteroide, c2016 a600 páginas aBiography uhttps://public.digitaliapublishing.com/a/50555 cCF c77389d77389